000
00310nam a22001457a 4500
008
221010b ||||| |||| 00| 0 eng d
020
_a
0070590133
041
_a
eng
080
_a
330.1
082
_a
330.1
100
_a
23.1
101
_a
ACC
245
_a
FINANCIAL ACCOUNTING
_c
SMITH J
942
_2
udc
_c
BK
999
_c
58455
_d
58455